PROBABILITY AND STATISTICS FOR ACTUARIES (Record no. 216623)

MARC details
000 -LEADER
fixed length control field 00574nam a22001937a 4500
008 - FIXED-LENGTH DATA ELEMENTS--GENERAL INFORMATION
fixed length control field 260224b |||||||| |||| 00| 0 eng d
020 ## - INTERNATIONAL STANDARD BOOK NUMBER
International Standard Book Number 978-1-7935-1427-1
050 ## - LIBRARY OF CONGRESS CALL NUMBER
Classification number QA 276 .H86 2022
100 ## - MAIN ENTRY--PERSONAL NAME
Personal name HUMPHREYS,NATALIA A
245 ## - TITLE STATEMENT
Title PROBABILITY AND STATISTICS FOR ACTUARIES
250 ## - EDITION STATEMENT
Edition statement 1ST EDITION
260 ## - PUBLICATION, DISTRIBUTION, ETC.
Place of publication, distribution, etc. SAN DIEGO
Name of publisher, distributor, etc. COGNELLA,INC
Date of publication, distribution, etc. 2022
300 ## - PHYSICAL DESCRIPTION
Extent X,280P.
500 ## - GENERAL NOTE
General note INCLUDES BIBLIOGRAPHICAL REFERENCES AND INDEXES
650 ## - SUBJECT ADDED ENTRY
Topical term or geographic name entry element 1.PROBABILITIES 2.MATHEMATICAL STATISTICS
700 ## - ADDED ENTRY--PERSONAL NAME
Personal name KOSHEVNIK,YULY
942 ## - ADDED ENTRY ELEMENTS (KOHA)
Source of classification or shelving scheme Library of Congress Classification
Koha item type Long Loan Book
Holdings
Withdrawn status Lost status Source of classification or shelving scheme Damaged status Not for loan Collection Home library Current library Shelving location Date acquired Inventory number Total checkouts Full call number Barcode Date last seen Copy number Price effective from Koha item type
    Library of Congress Classification     Science & Technology Kisii University Library Kisii University Library On Display 02/24/2026 111425   QA 276 .H86 2022 A001194 02/24/2026 1 02/24/2026 Long Loan Book
    Library of Congress Classification     Science & Technology Kisii University Library Kisii University Library On Display 02/24/2026 111426   QA 276 .H86 2022 A001193 02/24/2026 2 02/24/2026 Long Loan Book
    Library of Congress Classification     Science & Technology Kisii University Library Kisii University Library On Display 02/24/2026 111427   QA 276 .H86 2022 A001192 02/24/2026 3 02/24/2026 Long Loan Book
    Library of Congress Classification     Science & Technology Kisii University Library Kisii University Library On Display 02/24/2026 111428   QA 276 .H86 2022 A001191 02/24/2026 4 02/24/2026 Long Loan Book